[Event "XIX. DBMM Schach"]
[Site "Billerbeck"]
[Date "2019.09.07"]
[Round "6.1"]
[White "Schramm, Christian"]
[Black "Eggenstein, Frank"]
[Result "1/2-1/2"]
[WhiteElo "2361"]
[BlackElo "1995"]
[Annotator "dgt"]
[PlyCount "101"]
[EventDate "2019.09.??"]
[EventType "team-swiss"]
[EventRounds "7"]
[EventCountry "GER"]
[SourceTitle "XIX. DBMM 2019"]
[Source "FV Schach e.V."]
[SourceDate "2019.09.09"]
[SourceVersion "4"]
[SourceVersionDate "2019.10.16"]
[SourceQuality "1"]
[WhiteTeam "AGI Frankfurt"]
[BlackTeam "RWE AG Essen"]
[WhiteTeamCountry "GER"]
[BlackTeamCountry "GER"]

{[%evp 0,101,19,31,41,46,51,29,37,38,21,20,51,6,58,57,103,39,31,24,11,-16,56,
56,48,46,54,46,71,83,80,55,55,63,66,73,75,75,94,86,63,60,161,129,147,119,187,
168,223,223,330,337,363,293,321,301,301,111,8,8,8,8,116,93,149,62,116,89,89,70,
70,88,99,23,79,105,99,99,99,88,99,88,107,82,88,-13,-46,-123,-124,-124,0,-24,52,
-61,37,0,52,34,0,-73,52,0,0,0]} 1. e4 e6 2. d4 d5 3. Nc3 Bb4 4. exd5 exd5 5.
Bd3 c6 6. Qf3 Ne7 7. Nge2 b6 8. Ng3 Ba6 9. Bxa6 Nxa6 10. Nh5 Rg8 11. Bf4 Nc7
12. O-O-O Ne6 13. Bg3 Bd6 14. Rhe1 b5 15. Qd3 Bxg3 16. hxg3 Qd6 17. Qxh7 O-O-O
18. Qd3 Rh8 19. Qf3 Rdf8 20. Nf4 Nc7 21. Qg4+ Kb7 22. Qxg7 Nf5 23. Qe5 Qd7 24.
Nd3 Kb6 25. Nc5 Qc8 26. Qf4 a5 27. g4 Nh4 28. Re7 Ng6 29. Qd6 Nxe7 30. Qxe7 Rd8
31. f3 f5 32. g5 Rhe8 33. Qf6 Rf8 34. Qe5 f4 35. Rh1 Rde8 36. Qg7 Rg8 37. Qf6
Rgf8 38. Qd6 Rd8 39. Qe7 Rfe8 40. Qf7 Rf8 41. Qg6 Rg8 42. Qd3 Rxg5 43. Rh7 Rxg2
44. b3 Rgg8 45. Kb2 Rh8 46. Rg7 Rhg8 47. Rf7 Rgf8 48. Rh7 Rh8 49. Rg7 Rhg8 50.
Rf7 Rgf8 51. Rh7 ({Analyse auf dem DGT-Brett (br).} 51. Rh7 Qf5 52. N3a4+ bxa4
53. Qa6+ Nxa6 54. Rb7#) 1/2-1/2

[Event "XIX. DBMM Schach"]
[Site "Billerbeck"]
[Date "2019.09.07"]
[Round "6.2"]
[White "Kuerschners, Stefan"]
[Black "Rietze, Clemens"]
[Result "1/2-1/2"]
[WhiteElo "1974"]
[BlackElo "2279"]
[Annotator "dgt"]
[PlyCount "44"]
[EventDate "2019.09.??"]
[EventType "team-swiss"]
[EventRounds "7"]
[EventCountry "GER"]
[SourceTitle "XIX. DBMM 2019"]
[Source "FV Schach e.V."]
[SourceDate "2019.09.09"]
[SourceVersion "4"]
[SourceVersionDate "2019.10.16"]
[SourceQuality "1"]
[WhiteTeam "RWE AG Essen"]
[BlackTeam "AGI Frankfurt"]
[WhiteTeamCountry "GER"]
[BlackTeamCountry "GER"]

1. e4 e5 2. Nc3 Nf6 3. g3 Bc5 4. Bg2 Nc6 5. Nge2 a6 6. d3 d6 7. h3 Nd4 8. Nxd4
Bxd4 9. O-O c6 10. Ne2 Ba7 11. b3 O-O 12. c4 Nd7 13. Kh2 Nc5 14. Bb2 f5 15. f4
Qe7 16. Qc2 fxe4 17. dxe4 Bd7 18. f5 a5 19. Rad1 Be8 20. Qd2 Bb8 21. Nc3 Bc7
22. Ne2 Bf7 1/2-1/2

[Event "XIX. DBMM Schach"]
[Site "Billerbeck"]
[Date "2019.09.07"]
[Round "6.3"]
[White "Guth, Thomas"]
[Black "Hielscher, Klaus Peter"]
[Result "1-0"]
[WhiteElo "2277"]
[BlackElo "1719"]
[Annotator "dgt"]
[PlyCount "108"]
[EventDate "2019.09.??"]
[EventType "team-swiss"]
[EventRounds "7"]
[EventCountry "GER"]
[SourceTitle "XIX. DBMM 2019"]
[Source "FV Schach e.V."]
[SourceDate "2019.09.09"]
[SourceVersion "4"]
[SourceVersionDate "2019.10.16"]
[SourceQuality "1"]
[WhiteTeam "AGI Frankfurt"]
[BlackTeam "RWE AG Essen"]
[WhiteTeamCountry "GER"]
[BlackTeamCountry "GER"]

1. e4 c5 2. Nf3 e6 3. d4 cxd4 4. Nxd4 a6 5. c4 Nf6 6. Nc3 Qc7 7. Nc2 Nc6 8. Be2
Be7 9. O-O O-O 10. Be3 b6 11. Rc1 Bb7 12. f3 Ne5 13. b3 Bc5 14. Kh1 Bxe3 15.
Nxe3 Rfd8 16. Qd2 Rac8 17. Rfd1 d6 18. Qe1 Qc5 19. Bf1 Ng6 20. g3 h5 21. h4 Ne5
22. Bg2 Qa5 23. Qd2 Ng6 24. f4 b5 25. Ncd5 Qxd2 26. Nxf6+ gxf6 27. Rxd2 Ne7 28.
Rcd1 bxc4 29. bxc4 f5 30. exf5 Bxg2+ 31. Kxg2 Nxf5 32. Nxf5 exf5 33. Rd5 Rxc4
34. Rxf5 Rc2+ 35. Kh3 d5 36. Rfxd5 Rxd5 37. Rxd5 Rxa2 38. Rxh5 Rb2 39. Rh6 a5
40. Ra6 Rb5 41. Kg4 f5+ 42. Kg5 Rb3 43. g4 fxg4 44. Kxg4 Rb5 45. Ra7 Kh8 46. f5
Kg8 47. Kg5 Kf8 48. h5 Rc5 49. h6 Kg8 50. Kg6 Rc6+ 51. f6 Rc8 52. Ra6 Rb8 53.
f7+ Kh8 54. Re6 Rb7 1-0

[Event "XIX. DBMM Schach"]
[Site "Billerbeck"]
[Date "2019.09.07"]
[Round "6.4"]
[White "Abulhanov, Dinar"]
[Black "Sadeghi, Behrang"]
[Result "0-1"]
[WhiteElo "1524"]
[BlackElo "2253"]
[Annotator "dgt"]
[PlyCount "78"]
[EventDate "2019.09.??"]
[EventType "team-swiss"]
[EventRounds "7"]
[EventCountry "GER"]
[SourceTitle "XIX. DBMM 2019"]
[Source "FV Schach e.V."]
[SourceDate "2019.09.09"]
[SourceVersion "4"]
[SourceVersionDate "2019.10.16"]
[SourceQuality "1"]
[WhiteTeam "RWE AG Essen"]
[BlackTeam "AGI Frankfurt"]
[WhiteTeamCountry "GER"]
[BlackTeamCountry "GER"]

1. d4 e6 2. c4 Nf6 3. Nf3 d5 4. e3 Be7 5. Nc3 O-O 6. Bd3 b6 7. cxd5 exd5 8. h3
Bb7 9. Qc2 c5 10. O-O Nc6 11. a3 c4 12. Be2 Na5 13. Nd2 Rc8 14. b4 cxb3 15.
Nxb3 Ne4 16. Bb2 Nxb3 17. Qxb3 Nd2 18. Qc2 Nxf1 19. Rxf1 g6 20. f4 Bd6 21. Qd2
Re8 22. Bf3 Bf8 23. Nd1 Ba6 24. Be2 Bxe2 25. Qxe2 Rc4 26. f5 Qg5 27. fxg6 hxg6
28. Qf3 Rc7 29. a4 Bd6 30. Bc3 Re4 31. a5 b5 32. Qf6 Qxf6 33. Rxf6 Be7 34. Rf2
b4 35. Be1 Rc1 36. Rd2 b3 37. Kf2 Bb4 38. Rd3 Bxe1+ 39. Kxe1 b2 0-1

[Event "XIX. DBMM Schach"]
[Site "Billerbeck"]
[Date "2019.09.07"]
[Round "6.1"]
[White "Hoffmann, Hendrik"]
[Black "Koscielski, Janusz"]
[Result "1-0"]
[WhiteElo "2274"]
[BlackElo "2270"]
[Annotator "br"]
[PlyCount "77"]
[EventDate "2019.09.??"]
[EventType "team-swiss"]
[EventRounds "7"]
[EventCountry "GER"]
[SourceTitle "XIX. DBMM 2019"]
[Source "FV Schach e.V."]
[SourceDate "2019.09.09"]
[SourceVersion "4"]
[SourceVersionDate "2019.10.16"]
[SourceQuality "1"]
[WhiteTeam "le-tex Publishing Services Leipzig"]
[BlackTeam "EKJ Herne und Wanne-Eickel"]
[WhiteTeamCountry "GER"]
[BlackTeamCountry "GER"]

1. e4 c5 2. c3 d5 3. exd5 Qxd5 4. d4 Nf6 5. Be3 Ng4 6. Nd2 Nxe3 7. fxe3 g6 8.
Ngf3 Bh6 9. Bc4 Qh5 10. Qe2 O-O 11. O-O Nc6 12. Ne4 b6 13. d5 Ne5 14. d6 Nxf3+
15. Rxf3 Qe5 16. dxe7 Qxe7 17. Bd5 Rb8 18. Raf1 Be6 19. Bxe6 Qxe6 20. Nf6+ Kg7
21. Rh3 Rh8 22. c4 Bg5 23. Nd5 Rbd8 24. Rg3 h6 25. Rgf3 Rd7 26. b3 Qe5 27. g3
h5 28. h4 Bd8 29. Kg2 Re8 30. Qc2 Re6 31. Nf4 Red6 32. Nd5 Kg8 33. Qf2 f5 34.
Qc2 Kg7 35. Rf4 Re6 36. e4 fxe4 37. Re1 Rdd6 38. Rexe4 Qa1 39. Rf1 1-0

[Event "XIX. DBMM Schach"]
[Site "Billerbeck"]
[Date "2019.09.07"]
[Round "6.4"]
[White "Selmanaj, Agim"]
[Black "Hartmann, Uwe"]
[Result "0-1"]
[WhiteElo "1643"]
[BlackElo "1964"]
[Annotator "br"]
[PlyCount "76"]
[EventDate "2019.09.??"]
[EventType "team-swiss"]
[EventRounds "7"]
[EventCountry "GER"]
[SourceTitle "XIX. DBMM 2019"]
[Source "FV Schach e.V."]
[SourceDate "2019.09.09"]
[SourceVersion "4"]
[SourceVersionDate "2019.10.16"]
[SourceQuality "1"]
[WhiteTeam "EKJ Herne und Wanne-Eickel"]
[BlackTeam "le-tex Publishing Services Leipzig"]
[WhiteTeamCountry "GER"]
[BlackTeamCountry "GER"]

1. e4 e5 2. Bc4 Nf6 3. d3 Bc5 4. Be3 Bb6 5. Bxb6 axb6 6. Nc3 d6 7. Nge2 O-O 8.
O-O c6 9. f4 b5 10. Bb3 b4 11. Nb1 Qb6+ 12. d4 exd4 13. Qxd4 c5 14. Qe3 Ng4 15.
Qf3 c4+ 16. Kh1 cxb3 17. cxb3 Qe3 18. Qxe3 Nxe3 19. Rc1 Nc6 20. Nd2 Bg4 21. Ng3
Nd4 22. h3 Bd7 23. Nc4 Nxc4 24. Rxc4 Nxb3 25. Rd1 Rxa2 26. Rxd6 Bc6 27. Rxb4
Nc5 28. Rc4 Ne6 29. f5 Rd8 30. Rxd8+ Nxd8 31. Rd4 Ra8 32. e5 g6 33. Rg4 Kf8 34.
f6 Ra4 35. b4 Ne6 36. Ne2 Ke8 37. Nc3 Ra3 38. Rg3 Rb3 0-1

[Event "XIX. DBMM Schach"]
[Site "Billerbeck"]
[Date "2019.09.07"]
[Round "6.1"]
[White "Schulz, Michael"]
[Black "Ginsburg, Gennadi"]
[Result "0-1"]
[WhiteElo "2213"]
[BlackElo "2415"]
[Annotator "be"]
[PlyCount "130"]
[EventDate "2019.09.??"]
[EventType "team-swiss"]
[EventRounds "7"]
[EventCountry "GER"]
[SourceTitle "XIX. DBMM 2019"]
[Source "FV Schach e.V."]
[SourceDate "2019.09.09"]
[SourceVersion "4"]
[SourceVersionDate "2019.10.16"]
[SourceQuality "1"]
[WhiteTeam "SV Osram Berlin"]
[BlackTeam "Software AG Darmstadt"]
[WhiteTeamCountry "GER"]
[BlackTeamCountry "GER"]

1. d4 d5 2. Bf4 Nf6 3. e3 g6 4. Nd2 Bg7 5. Be2 c5 6. c3 cxd4 7. exd4 Nc6 8.
Ngf3 O-O 9. Ne5 Qb6 10. Qb3 Qxb3 11. axb3 Nd7 12. Nxc6 bxc6 13. b4 e5 14. dxe5
Nxe5 15. O-O $11 Bf5 16. Be3 Bd3 17. Bxd3 Nxd3 18. Rfb1 d4 19. cxd4 Nxb4 20.
Ra4 Nd5 21. Rc1 Rfe8 22. Nf3 Rab8 23. Rxc6 Rxb2 24. Rxa7 Bxd4 25. Ra1 Bxe3 26.
fxe3 Rxe3 27. Re1 Ra3 28. Rd6 Nf4 29. Rd2 Rxd2 30. Nxd2 Ra2 31. Re8+ Kg7 32.
Rd8 g5 33. Rd6 h5 34. Kf2 g4 35. Kg3 Ng6 36. Rd5 Kh6 37. Kf2 f5 38. g3 h4 39.
gxh4 Nxh4 40. Kg3 Ra3+ 41. Kf2 Kg5 42. Rd8 Ra2 43. Ke3 Ng2+ 44. Kf2 Nh4 45. Ke3
Ra3+ 46. Ke2 Rh3 47. Nf1 Nf3 48. Rd3 Kf4 49. Kf2 Rh8 50. Ra3 Nxh2 51. Ra4+ Kg5
52. Ne3 Nf3 53. Ra5 Rh2+ 54. Kg3 Rh3+ 55. Kf2 Nh4 56. Nf1 Rf3+ 57. Kg1 g3 58.
Ra8 Rd3 59. Rg8+ Kf4 60. Rg7 Rc3 61. Ra7 Rc1 62. Ra4+ Kg5 63. Ra8 g2 64. Rg8+
Kf4 65. Rxg2 Nf3+ 0-1

[Event "XIX. DBMM Schach"]
[Site "Billerbeck"]
[Date "2019.09.07"]
[Round "6.2"]
[White "Zude, Arno"]
[Black "Rath, Alina"]
[Result "1/2-1/2"]
[WhiteElo "2372"]
[BlackElo "2099"]
[Annotator "br"]
[PlyCount "64"]
[EventDate "2019.09.??"]
[EventType "team-swiss"]
[EventRounds "7"]
[EventCountry "GER"]
[SourceTitle "XIX. DBMM 2019"]
[Source "FV Schach e.V."]
[SourceDate "2019.09.09"]
[SourceVersion "4"]
[SourceVersionDate "2019.10.16"]
[SourceQuality "1"]
[WhiteTeam "Software AG Darmstadt"]
[BlackTeam "SV Osram Berlin"]
[WhiteTeamCountry "GER"]
[BlackTeamCountry "GER"]

1. e4 c5 2. Nf3 d6 3. d4 cxd4 4. Nxd4 Nf6 5. Nc3 Nc6 6. f3 e6 7. Be3 Be7 8. Qd2
O-O 9. O-O-O Nxd4 10. Bxd4 a6 11. Kb1 b5 12. g4 Bb7 13. h4 Rc8 14. g5 Nd7 15.
Rh3 Qc7 16. Bd3 Ne5 17. f4 Nc4 18. Qe1 e5 19. Be3 Na3+ 20. bxa3 Qxc3 21. Qxc3
Rxc3 22. Kb2 Rfc8 23. Bd2 R3c6 24. f5 Bd8 25. h5 Bb6 26. h6 Bd4+ 27. Kb1 g6 28.
Rf3 gxf5 29. Rxf5 R8c7 30. Rdf1 Bc8 31. Rf6 Be6 32. Ba5 Rc8 1/2-1/2

[Event "XIX. DBMM Schach"]
[Site "Billerbeck"]
[Date "2019.09.07"]
[Round "6.3"]
[White "Gebert Vangeel, Ralf"]
[Black "Mohr, Thomas"]
[Result "1-0"]
[WhiteElo "1975"]
[BlackElo "1904"]
[Annotator "br"]
[PlyCount "59"]
[EventDate "2019.09.??"]
[EventType "team-swiss"]
[EventRounds "7"]
[EventCountry "GER"]
[SourceTitle "XIX. DBMM 2019"]
[Source "FV Schach e.V."]
[SourceDate "2019.09.09"]
[SourceVersion "4"]
[SourceVersionDate "2019.10.16"]
[SourceQuality "1"]
[WhiteTeam "SV Osram Berlin"]
[BlackTeam "Software AG Darmstadt"]
[WhiteTeamCountry "GER"]
[BlackTeamCountry "GER"]

1. e4 c5 2. Nf3 Nc6 3. Bb5 a6 4. Bxc6 bxc6 5. O-O d5 6. e5 e6 7. d3 Ne7 8. Nbd2
a5 9. a4 Ba6 10. Re1 Nf5 11. Nf1 c4 12. dxc4 Bxc4 13. Nd4 Nxd4 14. Qxd4 c5 15.
Qg4 Bxf1 16. Kxf1 Rb8 17. f4 g6 18. Kg1 c4 19. Qe2 Bc5+ 20. Kh1 h5 21. Rf1 Bd4
22. Rb1 Rb7 23. b3 Qc7 24. Ba3 c3 25. Rf3 Kd7 26. Rd1 Ba7 27. Qe1 Rc8 28. Qh4
Qd8 29. Qh3 Rcc7 30. Rxd5+ 1-0

[Event "XIX. DBMM Schach"]
[Site "Billerbeck"]
[Date "2019.09.07"]
[Round "6.1"]
[White "Seger, Ruediger"]
[Black "Piepenburg, Rolf"]
[Result "1-0"]
[WhiteElo "2332"]
[BlackElo "1995"]
[Annotator "br"]
[PlyCount "69"]
[EventDate "2019.09.??"]
[EventType "team-swiss"]
[EventRounds "7"]
[EventCountry "GER"]
[SourceTitle "XIX. DBMM 2019"]
[Source "FV Schach e.V."]
[SourceDate "2019.09.09"]
[SourceVersion "4"]
[SourceVersionDate "2019.10.16"]
[SourceQuality "1"]
[WhiteTeam "Deutsche Post Bonn"]
[BlackTeam "Commerzbank Frankfurt"]
[WhiteTeamCountry "GER"]
[BlackTeamCountry "GER"]

1. e4 Nf6 2. e5 Nd5 3. d4 d6 4. Nf3 dxe5 5. Nxe5 c6 6. Bd3 Nd7 7. Nxd7 Bxd7 8.
O-O e6 9. Re1 Be7 10. c4 Nf6 11. Nc3 O-O 12. Qc2 Re8 13. Bg5 h6 14. Bh4 c5 15.
dxc5 Bxc5 16. Be4 Bc6 17. Bxc6 bxc6 18. Ne4 Be7 19. Rad1 Qc7 20. Nxf6+ Bxf6 21.
Bxf6 gxf6 22. Rd3 f5 23. Qd2 Rad8 24. Rd1 Rxd3 25. Qxd3 c5 26. h3 Re7 27. a3
Kg7 28. b4 Qe5 29. b5 Rc7 30. a4 Kh7 31. a5 Qd4 32. Qxd4 cxd4 33. Rxd4 e5 34.
b6 axb6 35. axb6 1-0

[Event "XIX. DBMM Schach"]
[Site "Billerbeck"]
[Date "2019.09.07"]
[Round "6.2"]
[White "Heuermann, Heinz Burkhard"]
[Black "Stanetzek, Carsten"]
[Result "1/2-1/2"]
[WhiteElo "1982"]
[BlackElo "2157"]
[Annotator "br"]
[PlyCount "120"]
[EventDate "2019.09.??"]
[EventType "team-swiss"]
[EventRounds "7"]
[EventCountry "GER"]
[SourceTitle "XIX. DBMM 2019"]
[Source "FV Schach e.V."]
[SourceDate "2019.09.09"]
[SourceVersion "4"]
[SourceVersionDate "2019.10.16"]
[SourceQuality "1"]
[WhiteTeam "Commerzbank Frankfurt"]
[BlackTeam "Deutsche Post Bonn"]
[WhiteTeamCountry "GER"]
[BlackTeamCountry "GER"]

1. Nf3 d5 2. g3 Nf6 3. Bg2 Bf5 4. Nh4 Be4 5. f3 Bg6 6. d4 c5 7. c3 Bxb1 8. Rxb1
e6 9. Qb3 Qb6 10. Qxb6 axb6 11. a3 Nc6 12. dxc5 bxc5 13. e4 Be7 14. Kf2 dxe4
15. fxe4 Ng4+ 16. Ke2 Bxh4 17. gxh4 O-O-O 18. h3 Nge5 19. Be3 c4 20. Rhd1 Rxd1
21. Rxd1 Rd8 22. Rxd8+ Kxd8 23. Kd2 Kd7 24. Kc2 b5 25. b3 Na5 26. b4 Nac6 27.
Bf1 f6 28. h5 Nf7 29. a4 bxa4 30. Bxc4 Nd6 31. Bd3 Ne5 32. Be2 Kc6 33. Bf4 Nec4
34. h6 g5 35. Bxd6 Nxd6 36. Bh5 f5 37. exf5 exf5 38. Kd3 a3 39. Kc2 f4 40. Kb3
Nf5 41. Bg6 Nxh6 42. Bxh7 g4 43. hxg4 Nxg4 44. Be4+ Kc7 45. Kxa3 Nh2 46. Ka4 f3
47. Ka5 f2 48. Bd3 f1=Q 49. Bxf1 Nxf1 50. Ka6 Ne3 51. Kb5 Kb7 52. Kc5 Kc7 53.
b5 Kb7 54. c4 Nxc4 55. Kxc4 Kb6 56. Kb4 Kb7 57. Kc5 Kc7 58. b6+ Kb7 59. Kb5 Kb8
60. Kc6 Kc8 1/2-1/2

[Event "XIX. DBMM Schach"]
[Site "Billerbeck"]
[Date "2019.09.07"]
[Round "6.3"]
[White "Gikas, Andreas Basilius"]
[Black "Huebner, Detlef"]
[Result "1-0"]
[WhiteElo "2183"]
[BlackElo "1494"]
[Annotator "br"]
[PlyCount "57"]
[EventDate "2019.09.??"]
[EventType "team-swiss"]
[EventRounds "7"]
[EventCountry "GER"]
[SourceTitle "XIX. DBMM 2019"]
[Source "FV Schach e.V."]
[SourceDate "2019.09.09"]
[SourceVersion "4"]
[SourceVersionDate "2019.10.16"]
[SourceQuality "1"]
[WhiteTeam "Deutsche Post Bonn"]
[BlackTeam "Commerzbank Frankfurt"]
[WhiteTeamCountry "GER"]
[BlackTeamCountry "GER"]

1. e4 c6 2. d4 d5 3. e5 Bf5 4. h4 h6 5. g4 Bh7 6. e6 fxe6 7. Bd3 Bxd3 8. Qxd3
Qd6 9. Qg6+ Kd8 10. Nf3 Nd7 11. Nc3 e5 12. Qf5 Qf6 13. dxe5 Qxf5 14. gxf5 e6
15. fxe6 Nc5 16. Nd4 Ke7 17. Be3 Nxe6 18. Nce2 Nxd4 19. Bxd4 Re8 20. Nf4 Kd8
21. O-O-O b6 22. Ng6 Rh7 23. f4 Ne7 24. h5 Nf5 25. Bf2 Be7 26. c4 d4 27. Bxd4
Nxd4 28. Rxd4+ Kc7 29. Rhd1 1-0

[Event "XIX. DBMM Schach"]
[Site "Billerbeck"]
[Date "2019.09.07"]
[Round "6.4"]
[White "Klowski, Bjoern Sigurd"]
[Black "Biedekoepper, Robert"]
[Result "0-1"]
[WhiteElo "1624"]
[BlackElo "2048"]
[Annotator "bsk"]
[PlyCount "102"]
[EventDate "2019.09.??"]
[EventType "team-swiss"]
[EventRounds "7"]
[EventCountry "GER"]
[SourceTitle "XIX. DBMM 2019"]
[Source "FV Schach e.V."]
[SourceDate "2019.09.09"]
[SourceVersion "4"]
[SourceVersionDate "2019.10.16"]
[SourceQuality "1"]
[WhiteTeam "Commerzbank Frankfurt"]
[BlackTeam "Deutsche Post Bonn"]
[WhiteTeamCountry "GER"]
[BlackTeamCountry "GER"]

1. e4 c5 2. Nc3 Nc6 3. f4 d6 4. Nf3 g6 5. Bc4 Bg7 6. O-O e6 7. d3 a6 8. a4 Nge7
9. Qe1 Nd4 10. Qf2 O-O 11. Be3 d5 12. Nxd4 cxd4 13. Bxd4 Bxd4 14. Qxd4 Nc6 15.
Qc5 dxc4 16. Qxc4 Qd4+ 17. Qxd4 Nxd4 18. Rf2 b6 19. Nd1 Bb7 20. Ne3 b5 21. axb5
axb5 22. Rd1 Ra2 23. c3 Nb3 24. h3 Rfa8 25. e5 Ra1 26. Rxa1 Rxa1+ 27. Kh2 h5
28. d4 Be4 29. Kg3 Re1 30. Nc2 Bxc2 31. Rxc2 Rd1 32. Kf3 Rxd4 33. Ke3 Rc4 34.
Re2 Kf8 35. Re1 Rc5 36. Rd1 Rd5 37. Rxd5 exd5 38. Kd3 Ke7 39. Kc2 Nc5 40. g4
Ne6 41. f5 Ng5 42. h4 hxg4 43. Kd3 Nf3 44. fxg6 fxg6 45. Ke3 Nxh4 46. Kf4 Nf3
47. Kxg4 Nxe5+ 48. Kg3 g5 49. b3 Ke6 50. Kf2 Kf5 51. Kg3 Ke4 0-1

[Event "XIX. DBMM Schach"]
[Site "Billerbeck"]
[Date "2019.09.07"]
[Round "6.1"]
[White "Bohnhoff, Peter"]
[Black "Blum, Norbert"]
[Result "1/2-1/2"]
[WhiteElo "2078"]
[BlackElo "1965"]
[Annotator "br"]
[PlyCount "30"]
[EventDate "2019.09.??"]
[EventType "team-swiss"]
[EventRounds "7"]
[EventCountry "GER"]
[SourceTitle "XIX. DBMM 2019"]
[Source "FV Schach e.V."]
[SourceDate "2019.09.09"]
[SourceVersion "4"]
[SourceVersionDate "2019.10.16"]
[SourceQuality "1"]
[WhiteTeam "Europaeisches Patentamt Muenchen"]
[BlackTeam "Sparkassen-Vers. Stuttgart"]
[WhiteTeamCountry "GER"]
[BlackTeamCountry "GER"]

1. d4 Nf6 2. Nf3 g6 3. c4 Bg7 4. Nc3 d5 5. e3 O-O 6. cxd5 Nxd5 7. Bc4 Nb6 8.
Bb3 c5 9. O-O Bg4 10. h3 Bxf3 11. Qxf3 cxd4 12. exd4 Nc6 13. Be3 Nxd4 14. Qxb7
e5 15. Rfd1 Qc8 1/2-1/2

[Event "XIX. DBMM Schach"]
[Site "Billerbeck"]
[Date "2019.09.07"]
[Round "6.2"]
[White "Marten, Gero"]
[Black "Brendemuehl, Bernd"]
[Result "1/2-1/2"]
[WhiteElo "2008"]
[BlackElo "1905"]
[Annotator "br"]
[PlyCount "65"]
[EventDate "2019.09.??"]
[EventType "team-swiss"]
[EventRounds "7"]
[EventCountry "GER"]
[SourceTitle "XIX. DBMM 2019"]
[Source "FV Schach e.V."]
[SourceDate "2019.09.09"]
[SourceVersion "4"]
[SourceVersionDate "2019.10.16"]
[SourceQuality "1"]
[WhiteTeam "Sparkassen-Vers. Stuttgart"]
[BlackTeam "Europaeisches Patentamt Muenchen"]
[WhiteTeamCountry "GER"]
[BlackTeamCountry "GER"]

1. Nf3 d5 2. g3 Nf6 3. Bg2 g6 4. O-O Bg7 5. d4 O-O 6. Re1 Nbd7 7. c4 c6 8. Nc3
e6 9. b3 Re8 10. Bb2 Ne4 11. Qd3 f5 12. Rad1 Qf6 13. e3 g5 14. Re2 Qg6 15. Qc2
Qh5 16. h4 gxh4 17. Nxh4 Ndf6 18. Bf3 Qg5 19. Kg2 Rf8 20. Rh1 Bd7 21. Kf1 Be8
22. Ng2 Nh5 23. Nf4 Nexg3+ 24. fxg3 Nxg3+ 25. Kf2 Nxh1+ 26. Bxh1 Rf6 27. Bf3
Qh4+ 28. Kf1 Rh6 29. Nd1 Qg3 30. Rf2 Bf7 31. Qe2 Kh8 32. Ke1 Rh2 33. Kd2
1/2-1/2

[Event "XIX. DBMM Schach"]
[Site "Billerbeck"]
[Date "2019.09.07"]
[Round "6.3"]
[White "Bumes, Konrad"]
[Black "Wirth, Volker"]
[Result "1-0"]
[WhiteElo "1936"]
[BlackElo "1759"]
[Annotator "br"]
[PlyCount "53"]
[EventDate "2019.09.??"]
[EventType "team-swiss"]
[EventRounds "7"]
[EventCountry "GER"]
[SourceTitle "XIX. DBMM 2019"]
[Source "FV Schach e.V."]
[SourceDate "2019.09.09"]
[SourceVersion "4"]
[SourceVersionDate "2019.10.16"]
[SourceQuality "1"]
[WhiteTeam "Europaeisches Patentamt Muenchen"]
[BlackTeam "Sparkassen-Vers. Stuttgart"]
[WhiteTeamCountry "GER"]
[BlackTeamCountry "GER"]

1. d4 d5 2. c4 e6 3. Nc3 Nf6 4. Nf3 Be7 5. Bf4 Nbd7 6. e3 O-O 7. Bd3 dxc4 8.
Bxc4 Nb6 9. Bd3 c5 10. dxc5 Bxc5 11. O-O Bd7 12. Ne4 Nxe4 13. Bxe4 Bc6 14.
Bxh7+ Kh8 15. Qc2 Bxf3 16. gxf3 Rc8 17. Qd3 g6 18. Bxg6 fxg6 19. Be5+ Kh7 20.
Qe4 Nd5 21. Kh1 Rf5 22. Rg1 Qe7 23. Rg3 Kh6 24. Rag1 Rg8 25. Rh3+ Rh5 26. Rxh5+
Kxh5 27. Qg4+ 1-0

[Event "XIX. DBMM Schach"]
[Site "Billerbeck"]
[Date "2019.09.07"]
[Round "6.4"]
[White "Brethauer, Tim"]
[Black "Santos, Paulo"]
[Result "0-1"]
[WhiteElo "1641"]
[BlackElo "1776"]
[Annotator "br"]
[PlyCount "84"]
[EventDate "2019.09.??"]
[EventType "team-swiss"]
[EventRounds "7"]
[EventCountry "GER"]
[SourceTitle "XIX. DBMM 2019"]
[Source "FV Schach e.V."]
[SourceDate "2019.09.09"]
[SourceVersion "4"]
[SourceVersionDate "2019.10.16"]
[SourceQuality "1"]
[WhiteTeam "Sparkassen-Vers. Stuttgart"]
[BlackTeam "Europaeisches Patentamt Muenchen"]
[WhiteTeamCountry "GER"]
[BlackTeamCountry "GER"]

1. e4 e5 2. Nf3 Nc6 3. Bb5 a6 4. Bxc6 dxc6 5. O-O f6 6. d4 Bg4 7. dxe5 Qxd1 8.
Rxd1 fxe5 9. Rd3 Bd6 10. Bg5 Ne7 11. Nbd2 h6 12. Bh4 Ng6 13. Bg3 Be6 14. b3 b5
15. c4 O-O 16. Rc3 c5 17. Nf1 Nf4 18. Bxf4 Rxf4 19. N3d2 Rd8 20. f3 Be7 21.
cxb5 axb5 22. a3 Rff8 23. a4 c4 24. bxc4 Bc5+ 25. Kh1 Bd4 26. Rca3 Bxa1 27.
Rxa1 Bxc4 28. Nxc4 bxc4 29. Ne3 Rd4 30. Nd5 Rd8 31. h3 c6 32. Ne7+ Kf7 33. Nxc6
Rd1+ 34. Rxd1 Rxd1+ 35. Kh2 c3 36. Nb4 Rd4 37. Na2 c2 38. a5 Ra4 39. Nc1 Rxa5
40. Nb3 Ra1 41. Nxa1 c1=Q 42. Nb3 Qe3 0-1

[Event "XIX. DBMM Schach"]
[Site "Billerbeck"]
[Date "2019.09.07"]
[Round "6.1"]
[White "Hohlfeld, Wolfgang"]
[Black "Roitburd, Swetlana"]
[Result "1-0"]
[WhiteElo "2067"]
[BlackElo "1699"]
[Annotator "br"]
[PlyCount "55"]
[EventDate "2019.09.??"]
[EventType "team-swiss"]
[EventRounds "7"]
[EventCountry "GER"]
[SourceTitle "XIX. DBMM 2019"]
[Source "FV Schach e.V."]
[SourceDate "2019.09.09"]
[SourceVersion "4"]
[SourceVersionDate "2019.10.16"]
[SourceQuality "1"]
[WhiteTeam "Baubehoerde Hamburg"]
[BlackTeam "Vodafone Duesseldorf II"]
[WhiteTeamCountry "GER"]
[BlackTeamCountry "GER"]

1. e4 c6 2. d4 d5 3. exd5 cxd5 4. c4 Nf6 5. Nc3 e6 6. Nf3 Nc6 7. c5 Be7 8. Bb5
Bd7 9. O-O O-O 10. Re1 Re8 11. Bg5 h6 12. Bh4 Rc8 13. a3 a6 14. Bd3 b5 15. b4
Qc7 16. Bg3 Qb7 17. h3 Nh5 18. Bh2 Nf6 19. Rb1 Bd8 20. Bc2 a5 21. Ne5 axb4 22.
axb4 Na7 23. Qd3 Be7 24. Ng4 g6 25. Nxh6+ Kg7 26. Nxf7 Kxf7 27. Qxg6+ Kf8 28.
Bf4 1-0